| 000 | 00557 a2200181 4500 | ||
|---|---|---|---|
| 020 | _a0534246656 | ||
| 040 |
_aDLC _bDLC |
||
| 082 | 0 | 0 | _a370.72 |
| 100 | 1 | _aAry, Donald. | |
| 245 | 1 | 0 |
_aIntroduction to research in education _cDonald Ary, Lucy Cheser Jacobs, Asghar Razavieh. |
| 250 | _a6th ed. | ||
| 260 |
_aAustralia ; _aBelmont, CA : _bWadsworth, Thomson Learning, _cc2002. |
||
| 300 |
_axxvi, 582 p. : _bill. ; _c24 cm. |
||
| 650 | 0 |
_aEducation _xResearch. |
|
| 700 | 1 | _aJacobs, Lucy Cheser. | |
| 700 | 1 | _aRazavieh, Asghar. | |
| 942 |
_cBK _k370.72 ARY _2ddc |
||
| 999 |
_c7349 _d7349 |
||